000
00325nam a2200145Ia 4500
008
210210b1953 xxu||||| |||| 00| 0 eng d
041
_a
eng
082
_a
331/96
100
_a
HARROD (Roy)
245
_a
Dollar
260
_a
London
_b
Macmillan & Co. Ltd.
_c
1953
650
_a
Dollar
690
_a
Banking
906
_a
003998
999
_c
122230
_d
122230